Problems and exercises in organic chemistry

Bibliographic Details
Main Authors: Veselovskaya, T. K, Machinskaya Przhiyalgovskaya, N. M.
Format: Section = Libro
Language:Undetermined
Spanish
Published: Moscow M.I.R 1979
Edition:1a. ed.
Subjects:
LEADER 00596nam a2200217Ia 4500
008 240830s9999 xx 000 0 und d
040 |a CEDOC FIQ-RUSB / 547 V575 
041 |a spa 
082 |a 547 V575 
100 1 |a Veselovskaya, T. K 
100 1 |b Machinskaya Przhiyalgovskaya, N. M. 
245 1 0 |a Problems and exercises in organic chemistry 
250 |a 1a. ed. 
260 |a Moscow  |b M.I.R  |c 1979 
300 |a 311 p. :il. 
650 7 |a QUÍMICA ORGÁNICA 
650 7 |b  NOMENCLATURA DEL ISOMERISMO 
650 7 |c  MÉTODOS DE PREPARACIÓN 
942 |c BK  |2 ddc 
991 |a TEXTO 
999 |c 13994